000 01121 a2200229 4500
001 57798
005 20260407155838.0
008 260407a2000 arg spa d
003 AR-UNSa-BCEJYS
040 _aAR-UNSa-BCEJYS
_bspa
_cAR-UNSa-BCEJYS
080 _a334.713
_xPequeña industria (Pymes)
245 1 0 _aLas pequeñas y medianas empresas
_pentorno, estrategias y potencial transformador
264 1 _aCórdoba :
_bAsociación Cooperadora de la Facultad de Ciencias Económicas de la Universidad Nacional de Córdoba.
_c2000
300 _a526 p.
_c25 cm.
505 _a1. Creación, mortalidad y desarrollo de empresas – 2. Gestión empresarial en las PyMEs – 3. Redes de empresas, encadenamientos productivos y distritos industriales – 4. Instituciones, políticas y estrategias de apoyo a PyMEs
041 _aspa
942 _cBK
590 _aniveau_biblio:m niveau_hierar:0
100 1 _aReunión Anual de la Red PyMEs Mercosur (5º : 2000 : Córdoba)
700 1 _aRed PyMEs Mercosur
700 1 _aUniversidad Nacional de Córdoba. Facultad de Ciencias Económicas. Instituto de Economía y Finanzas
999 _c6303
_d6303